Európske aspekty rozvoja konkurencieschopnosti v sektore malých a stredných podnikov

Salvato in:
Dettagli Bibliografici
Autore principale: Pavlík, Adrián
Natura: Capitolo di libro
Lingua:slovacco
Tags: Aggiungi Tag
Nessun Tag, puoi essere il primo ad aggiungerne!!

MARC

LEADER 00000naa$a2200000$$$4500
001 0063116
005 20240502071724.6
041 0 |a slo 
044 |a SK 
245 1 0 |a Európske aspekty rozvoja konkurencieschopnosti v sektore malých a stredných podnikov  |c Adrián Pavlík 
100 1 |a Pavlík, Adrián